00346pab a2200133 454500008004000000100001600040245004400056260000900100300001300109362000800122650001800130700003300148773003100181180718b1997 xxu||||| |||| 00| 0 eng d aSquire, Lyn aThe impact of labour market regulations c1997 ap.119-43 aJan aLabour market aSuthiwast-Narueput, Sethaput aWorld Bank Economic Review